|
|
|
|
| LEADER |
00000nam2a2200000 4500 |
| 001 |
309121 |
| 005 |
20231102002147.0 |
| 020 |
|
|
|a RU
|b 81-64857ж
|
| 035 |
|
|
|a (RuTPU)RU\TPU\book\334443
|
| 090 |
|
|
|a 309121
|
| 100 |
|
|
|a 20151110c1981 km y0rusy5003 ca
|
| 101 |
0 |
|
|a rus
|
| 102 |
|
|
|a UA
|
| 105 |
|
|
|a a z 001zy
|
| 200 |
0 |
|
|a Вп. 31
|f под ред. Н. Г. Максимовича
|
| 210 |
|
|
|d 1981
|
| 215 |
|
|
|a 163 с.
|c ил.
|
| 320 |
|
|
|a Библиогр. в конце ст.
|
| 461 |
|
1 |
|0 (RuTPU)RU\TPU\book\250807
|t Теоретическая электротехника
|o республиканский межведомственный научно-технический сборник
|f Львовский государственный университет
|v Вып. 31
|d 1966-1991
|
| 606 |
1 |
|
|a Электротехника теоретическая
|2 stltpush
|3 (RuTPU)RU\TPU\subj\20909
|9 45970
|
| 610 |
1 |
|
|a электрические цепи
|
| 610 |
1 |
|
|a электронные цепи
|
| 610 |
1 |
|
|a электромагнитные поля
|
| 610 |
1 |
|
|a теория
|
| 610 |
1 |
|
|a топологические методы
|
| 610 |
1 |
|
|a применение
|
| 610 |
1 |
|
|a сигнальные графы
|
| 610 |
1 |
|
|a анализ
|
| 610 |
1 |
|
|a синтез
|
| 610 |
1 |
|
|a расчет
|
| 610 |
1 |
|
|a линейные цепи
|
| 610 |
1 |
|
|a нелинейные схемы
|
| 675 |
|
|
|a 621.3.01
|z rus
|v 3
|
| 702 |
|
1 |
|a Максимович
|b Н. Г.
|g Николай Григорьевич
|4 340
|
| 801 |
|
0 |
|a RU
|b RuMRKP
|c 19950704
|g psbo
|
| 801 |
|
1 |
|a RU
|b 63413507
|c 20151110
|
| 801 |
|
2 |
|a RU
|b 63413507
|c 20190724
|g RCR
|
| 942 |
|
|
|c BK
|